The Development of Cognitive Anthropology (Record no. 617706)

MARC details
000 -LEADER
fixed length control field 01086nam a22001817a 4500
008 - FIXED-LENGTH DATA ELEMENTS--GENERAL INFORMATION
fixed length control field 260313b |||||||| |||| 00| 0 eng d
020 ## - INTERNATIONAL STANDARD BOOK NUMBER
ISBN 9780521459761
Paper back/Hardbound pbk
041 ## - LANGUAGE CODE
Language code of text/sound track or separate title eng
082 ## - DEWEY DECIMAL CLASSIFICATION NUMBER
Classification number 155.8
Item number AND
100 ## - MAIN ENTRY--AUTHOR NAME
Personal name Andrade, Roy G. D'
245 ## - TITLE STATEMENT
Title The Development of Cognitive Anthropology
Statement of responsibility, etc / Roy G. D'Andrade
260 ## - PUBLICATION, DISTRIBUTION, ETC. (IMPRINT)
Name of publisher Cambridge Univ Pr
300 ## - PHYSICAL DESCRIPTION
Number of Pages 288p,;
Dimensions 20 cm.
504 ## - BIBLIOGRAPHY, ETC. NOTE
Bibliography, etc Includes index
520 ## - SUMMARY, ETC.
Summary, etc In a historical account of the development of cognitive anthropology, Roy D'Andrade examines how cultural knowledge is organized within and between human minds. He begins by examining research carried out in the 1950s and 1960s concerned with how different cultures classify kinship relationships and the natural environment, and then traces the development of more complex cognitive theories of classification in anthropology that took place in the 1970s and 1980s. Finally, current work involving cultural models, emotion, motivation, and action is considered, along with a cognitive perspective on the nature of culture.
942 ## - ADDED ENTRY ELEMENTS (KOHA)
Koha item type English Books
Holdings
Withdrawn status Lost status Damaged status Not for loan Home library Current library Shelving location Date acquired Full call number Accession Number Price effective from Koha item type
        Anna Centenary Library Anna Centenary Library 3RD FLOOR, A WING 13.03.2026 155.8 AND 234800 13.03.2026 English Books

Find us on the map